00387 a2200133 4500003000500000005001700005040000900022082001100031245003000042440003000072538002800102999001900130952010400149Nust20170207154224.0 cNust a371.33 aBatman For Ever (VHS-155) aBatman For Ever (VHS-155) aDuration in Minutes-110 c195487d195487 00102ddc40708NFICaMCSbMCSd2016-12-12l0o371.33 BATpMCSVHS-155r2016-12-08w2016-12-12yBK